[Event "Muensterland Regionalliga 1516"]
[Site "Germany"]
[Date "2015.12.05"]
[Round "4.5"]
[White "Althoff, Franz"]
[Black "Stegemann, Norbert"]
[Result "1-0"]
[WhiteElo "1987"]
[BlackElo "1972"]
[PlyCount "111"]
[EventDate "2015.09.05"]
[EventType "team"]
[EventRounds "9"]
[EventCountry "GER"]
[SourceTitle "EXT 2017"]
[Source "ChessBase"]
[SourceDate "2016.10.25"]
[SourceVersion "1"]
[SourceVersionDate "2016.10.25"]
[SourceQuality "1"]
[WhiteTeam "Nienberge"]
[BlackTeam "Duelmen"]
[WhiteTeamCountry "GER"]
[BlackTeamCountry "GER"]

1. Nf3 Nf6 2. d4 d5 3. c4 e6 4. Bg5 Be7 5. Nc3 0-0 6. e3 b6 7. cxd5 exd5 8. Bd3 Be6 9. 0-0 c5 10. Qc2 c4 11. Bxf6 cxd3 12. Bxe7 dxc2 13. Bxd8 Rxd8 14. Ne1 Nc6 15. Nxc2 b5 16. f3 Rab8 17. Rad1 Na5 18. Rfe1 Nc4 19. b3 Na5 20. Nb4 Kf8 21. e4 dxe4 22. d5 Bd7 23. Nxe4 Bf5 24. Rc1 Bxe4 25. fxe4 f6 26. Rc7 Rb7 27. Rc5 Rb6 28. Kf2 Nb7 29. Rc7 a5 30. Nc6 Re8 31. Kf3 a4 32. Nd4 Re7 33. Rec1 axb3 34. axb3 Nd8 35. Rxe7 Kxe7 36. Rc7+ Kf8 37. b4 Rb8 38. Rc5 Nf7 39. Rxb5 Ra8 40. Ra5 Ne5+ 41. Ke2 Rc8 42. Ne6+ Kg8 43. Rc5 Ra8 44. Rc2 g5 45. Nd4 Ra1 46. b5 Rb1 47. Rc8+ Kf7 48. Rc7+ Ke8 49. Rxh7 Rb4 50. Nc6 Rxb5 51. Nxe5 fxe5 52. Rg7 Rb2+ 53. Kf3 Rb3+ 54. Kg4 Rb2 55. g3 Re2 56. Kf5 1-0

[Event "Muensterland Regionalliga 1516"]
[Site "Germany"]
[Date "2015.11.14"]
[Round "3.4"]
[White "Bruemmer, Andreas"]
[Black "Stegemann, Norbert"]
[Result "1-0"]
[WhiteElo "1921"]
[BlackElo "1972"]
[PlyCount "67"]
[EventDate "2015.09.05"]
[EventType "team"]
[EventRounds "9"]
[EventCountry "GER"]
[SourceTitle "EXT 2017"]
[Source "ChessBase"]
[SourceDate "2016.10.25"]
[SourceVersion "1"]
[SourceVersionDate "2016.10.25"]
[SourceQuality "1"]
[WhiteTeam "Rheine Klein Berlin"]
[BlackTeam "Duelmen"]
[WhiteTeamCountry "GER"]
[BlackTeamCountry "GER"]

1. d4 Nf6 2. Bg5 Ne4 3. Bf4 d5 4. e3 e6 5. Bd3 Nf6 6. Nf3 Be7 7. Nbd2 b6 8. Qe2 Bb7 9. h3 Nbd7 10. 0-0 0-0 11. e4 dxe4 12. Nxe4 Nxe4 13. Bxe4 Bxe4 14. Qxe4 c5 15. Rad1 Nf6 16. Qe2 cxd4 17. Rxd4 Qe8 18. Rfd1 Bc5 19. R4d2 Qa4 20. c4 Bb4 21. b3 Qa5 22. Rd3 Qf5 23. Bd6 Bxd6 24. Rxd6 Ne4 25. R6d3 Nf6 26. Ne5 g6 27. Rd4 Kg7 28. g4 Qg5 29. f4 Qh4 30. Qg2 Ng8 31. g5 Ne7 32. f5 Nxf5 33. Rxh4 Nxh4 34. Qb2 1-0

[Event "Muensterland Regionalliga 1516"]
[Site "Germany"]
[Date "2015.09.26"]
[Round "2.4"]
[White "Stegemann, Norbert"]
[Black "Broemmel, Rudolf"]
[Result "0-1"]
[WhiteElo "1972"]
[BlackElo "1902"]
[PlyCount "72"]
[EventDate "2015.09.05"]
[EventType "team"]
[EventRounds "9"]
[EventCountry "GER"]
[SourceTitle "EXT 2017"]
[Source "ChessBase"]
[SourceDate "2016.10.25"]
[SourceVersion "1"]
[SourceVersionDate "2016.10.25"]
[SourceQuality "1"]
[WhiteTeam "Duelmen"]
[BlackTeam "Raesfeld Erle"]
[WhiteTeamCountry "GER"]
[BlackTeamCountry "GER"]

1. c4 e5 2. g3 Nc6 3. Bg2 g6 4. Nc3 Bg7 5. d3 d6 6. e4 Nd4 7. h3 Ne7 8. Nge2 Nec6 9. 0-0 h5 10. Nxd4 Nxd4 11. Be3 h4 12. g4 Ne6 13. Ne2 c5 14. f4 exf4 15. Nxf4 Nxf4 16. Bxf4 Bxb2 17. Rb1 Bd4+ 18. Kh1 g5 19. Bd2 Qe7 20. Qf3 f6 21. e5 Bxe5 22. Qe4 Rg8 23. Qe2 Rb8 24. Be4 b6 25. a4 Bd7 26. a5 Qd8 27. Rb3 Qc7 28. Qf3 bxa5 29. Bxa5 Qc8 30. Rfb1 Rxb3 31. Rxb3 Qa6 32. Rb8+ Ke7 33. Rxg8 Qxa5 34. Rg7+ Kd8 35. Rh7 Qd2 36. Ba8 Qh2# 0-1

[Event "Muensterland Verbandsklasse-B 1112"]
[Site "Germany"]
[Date "2011.10.08"]
[Round "2.1"]
[White "Rosing, Hermann"]
[Black "Stegemann, Norbert"]
[Result "1/2-1/2"]
[WhiteElo "2005"]
[BlackElo "1963"]
[PlyCount "148"]
[EventDate "2011.09.17"]
[EventType "team-tourn"]
[EventRounds "9"]
[EventCountry "GER"]
[SourceTitle "EXT 2013"]
[Source "ChessBase"]
[SourceDate "2012.11.22"]
[SourceVersion "1"]
[SourceVersionDate "2012.11.22"]
[SourceQuality "1"]
[WhiteTeam "Ahaus Wessum"]
[BlackTeam "Duelmen"]
[WhiteTeamCountry "GER"]
[BlackTeamCountry "GER"]

1. e4 c6 2. d4 d5 3. f3 Qb6 4. exd5 cxd5 5. Bd3 Nc6 6. Ne2 Nf6 7. c3 e5 8. Bc2 Be6 9. Ba4 Bd6 10. Nd2 0-0 11. Bxc6 bxc6 12. Nb3 Rfe8 13. 0-0 exd4 14. cxd4 Qc7 15. g3 Bh3 16. Rf2 Nh5 17. g4 Ng3 18. Bd2 h5 19. hxg3 Bxg3 20. Rg2 Bxg2 21. Kxg2 Bd6 22. gxh5 Qe7 23. Ng3 Qh4 24. Be1 Re7 25. Bf2 Bxg3 26. Bxg3 Qxh5 27. Qd2 Rae8 28. Re1 Rxe1 29. Bxe1 Re6 30. Bg3 Rh6 31. Nc1 Qh3+ 32. Kf2 Rg6 33. Qf4 Qh1 34. Ne2 Re6 35. Qd2 Rf6 36. Qe3 Re6 37. Qd2 Rf6 38. Nf4 g5 39. Ng2 Qh5 40. Qd3 Re6 41. Ne3 Rf6 42. Ng2 Qh3 43. Be5 Rg6 44. Qb3 Qc8 45. Ne3 f6 46. Qc2 Qe8 47. Bg3 Rg7 48. Nf5 Rh7 49. Nd6 Qe6 50. Nf5 Rh1 51. Kg2 Rh7 52. Kf2 Rh1 53. Ne3 Rh7 54. Qb3 Re7 55. Qb8+ Re8 56. Qb3 Re7 57. Qd3 Rh7 58. b4 Re7 59. a4 a6 60. Qg6+ Rg7 61. Qf5 Re7 62. Qd3 Kh8 63. Ng2 Kg7 64. Qxa6 Qf5 65. Ne3 Qb1 66. Qe2 Kf7 67. Qc2 Qxb4 68. Qh7+ Ke8 69. Qg6+ Kd8 70. Qd3 Qb2+ 71. Kf1 Qc1+ 72. Kf2 Qb2+ 73. Kf1 Qc1+ 74. Kf2 Qb2+ 1/2-1/2

[Event "Muensterland Verbandsklasse-B 1112"]
[Site "Germany"]
[Date "2011.09.17"]
[Round "1.2"]
[White "Jansen, Dirk Norbert"]
[Black "Stegemann, Norbert"]
[Result "1/2-1/2"]
[WhiteElo "1876"]
[BlackElo "1963"]
[PlyCount "81"]
[EventDate "2011.09.17"]
[EventType "team-tourn"]
[EventRounds "9"]
[EventCountry "GER"]
[SourceTitle "EXT 2013"]
[Source "ChessBase"]
[SourceDate "2012.11.22"]
[SourceVersion "1"]
[SourceVersionDate "2012.11.22"]
[SourceQuality "1"]
[WhiteTeam "Muenster IV"]
[BlackTeam "Duelmen"]
[WhiteTeamCountry "GER"]
[BlackTeamCountry "GER"]

1. d4 Nf6 2. c4 e6 3. g3 d5 4. Bg2 c6 5. Nf3 Be7 6. 0-0 0-0 7. Qc2 Nbd7 8. Nbd2 b6 9. e4 dxe4 10. Nxe4 Nxe4 11. Qxe4 Bb7 12. Rd1 Nf6 13. Qc2 Qc7 14. Bf4 Bd6 15. Bxd6 Qxd6 16. c5 Qc7 17. a3 Rfd8 18. b4 a5 19. Ne5 axb4 20. axb4 Rxa1 21. Rxa1 Rxd4 22. Nxc6 Bxc6 23. cxb6 Qxb6 24. Qxc6 Qxc6 25. Bxc6 g6 26. b5 Rb4 27. Ra8+ Kg7 28. Rb8 Nd5 29. Rb7 Kf6 30. Be8 Ne7 31. b6 g5 32. Kf1 h5 33. Ke2 e5 34. Kd3 Ke6 35. Rb8 h4 36. b7 f6 37. Bh5 hxg3 38. hxg3 e4+ 39. Kc3 Nd5+ 40. Kc2 Ne7 41. Kc3 1/2-1/2

[Event "Muensterland Verbandsklasse-A 0607"]
[Site "Germany"]
[Date "2007.02.17"]
[Round "6.2"]
[White "Stegemann, Norbert"]
[Black "Zoeke, Lars"]
[Result "0-1"]
[WhiteElo "1953"]
[BlackElo "1770"]
[PlyCount "102"]
[EventDate "2006.09.23"]
[EventType "team"]
[EventRounds "9"]
[EventCountry "GER"]
[SourceTitle "EXT 2008"]
[Source "ChessBase"]
[SourceDate "2007.11.25"]
[SourceVersion "1"]
[SourceVersionDate "2007.11.25"]
[SourceQuality "1"]
[WhiteTeam "Duelmen"]
[BlackTeam "Muenster SK IV"]
[WhiteTeamCountry "GER"]
[BlackTeamCountry "GER"]

1. c4 g6 2. g3 Bg7 3. Bg2 c5 4. Nc3 Nc6 5. Nf3 d6 6. 0-0 Bg4 7. h3 Bxf3 8. Bxf3 Rb8 9. d3 e6 10. Qa4 Qd7 11. Bd2 a6 12. Rab1 Nge7 13. Bg2 0-0 14. Qd1 b5 15. cxb5 axb5 16. Ne4 f5 17. Ng5 h6 18. Nf3 Kh7 19. e4 fxe4 20. dxe4 Nd4 21. Nxd4 Bxd4 22. Qc1 Ng8 23. Be3 e5 24. Bxd4 cxd4 25. Qd2 Rbc8 26. Rbc1 Rc5 27. f4 Rfc8 28. Rxc5 Rxc5 29. Qf2 d3 30. Qe3 exf4 31. Rxf4 Qa7 32. Kh2 Qxa2 33. Qd4 Rc2 34. Qxd3 Rxb2 35. Qf3 b4 36. h4 h5 37. Kh3 Qe6+ 38. Kh2 Rc2 39. Rf7+ Kh8 40. Qf4 b3 41. Rf8 Kg7 42. Rd8 b2 43. Qf8+ Kh7 44. Rb8 Rxg2+ 45. Kxg2 b1Q 46. Rxb1 Qxe4+ 47. Kh2 Qxb1 48. Qxd6 Qc2+ 49. Kg1 Qe4 50. Qc7+ Qe7 51. Qf4 Nf6 0-1

[Event "Muensterland Verbandsklasse-B 0506"]
[Site "Germany"]
[Date "2006.05.06"]
[Round "9.2"]
[White "Stegemann, Norbert"]
[Black "Willermann, Norbert"]
[Result "0-1"]
[WhiteElo "1959"]
[BlackElo "1776"]
[PlyCount "122"]
[EventDate "2005.09.03"]
[EventType "team"]
[EventRounds "9"]
[EventCountry "GER"]
[SourceTitle "EXT 2006"]
[Source "ChessBase"]
[SourceDate "2005.11.24"]
[SourceVersion "1"]
[SourceVersionDate "2005.11.24"]
[SourceQuality "1"]
[WhiteTeam "Duelmen"]
[BlackTeam "Westbevern II"]
[WhiteTeamCountry "GER"]
[BlackTeamCountry "GER"]

1. c4 Nf6 2. g3 c5 3. Bg2 Nc6 4. Nc3 g6 5. Nf3 Bg7 6. 0-0 0-0 7. d4 cxd4 8. Nxd4 Nxd4 9. Qxd4 d6 10. Qd3 Rb8 11. e4 b6 12. Bg5 Bb7 13. Rad1 Rc8 14. Bh3 Rc5 15. Bxf6 Bxf6 16. Rfe1 Bxc3 17. Qxc3 Qc7 18. b3 b5 19. Rc1 bxc4 20. bxc4 Ba6 21. Bf1 Rc8 22. Qe3 Qa5 23. Rc3 Bxc4 24. Ra3 Qb6 25. Bxc4 Rxc4 26. Rxa7 Qxe3 27. Rxe3 R8c7 28. Rxc7 Rxc7 29. Kg2 Ra7 30. a3 Kg7 31. f4 e5 32. Rd3 Ra6 33. Kf3 Kf6 34. h4 h5 35. g4 hxg4+ 36. Kxg4 Ke6 37. Kg5 exf4 38. Kxf4 Ra4 39. Ke3 f5 40. exf5+ gxf5 41. h5 Rh4 42. Kf2 Rxh5 43. a4 Rh2+ 44. Kg3 Ra2 45. Rd4 Ke5 46. Rb4 d5 47. Kf3 Ra3+ 48. Ke2 d4 49. Rb5+ Ke4 50. a5 f4 51. Rh5 Ra2+ 52. Ke1 f3 53. Kf1 d3 54. Rh8 Rxa5 55. Re8+ Re5 56. Rd8 Ke3 57. Rd7 Re4 58. Ke1 f2+ 59. Kf1 d2 60. Rd8 Rd4 61. Re8+ Kd3 0-1